LEADER 01052nam a2200217 i 4500 001 000000193148 003 CaOOAMICUS 005 20101013000000.0 008 101013s1929 it u000 u ita u 013 $a171788 040 $aSeMil$bita 100 1 $aZecca, Angelo Maria.$0(OLS)http://semarc/name/70373 245 10$aArs e il suo curato S. Giovanni Maria Battista Vianney /$cSac. Prof. Cav. Angelo Maria Zecca Beneficiato della Cattedrale di Piacenza. 260 $aTorino [etc.] :$bSocietà Editrice Internazionale,$cstampa 1929. 300 $aXX, 815 p. :$bill. ;$c23 cm. 500 $aContiene : Appendice ; Bibliografia. 600 14$aVianney, Jean-Marie Baptiste .$0(OLS)http://semarc/subject/2781 850 $aSeMil 852 $aSeMil$W1$xVenegono$y1$m3J IV 9$j143722$B143722$CSeMilBibl$Z2$F155233 $81 996 $6245$aArs e il suo curato S. Giovanni Maria Battista Vianney$9(OLS)http://semarc/title/278431 996 $6260$aTorino [etc.] :$bSocietà Editrice Internazionale$9(OLS)http://semarc/publisher/31170 LEADER 01423nam a2200289 i 4500 001 000000079543 003 CaOOAMICUS 005 20170407000000.0 008 170407s2016 it u000 u ita u 013 $a51780 020 $a978-88-311-0255-1 040 $aSeMil$bita 100 1 $aBartholomaeus .$0(OLS)http://semarc/name/77133 245 10$aPer una cultura dell'unità nella diversità /$cS.S. Bartolomeo arcivescovo di Costantinopoli e Patriarca ecumenico ; prefazione di Piero Coda. 260 $aRoma :$bCittà Nuova,$c2016. 300 $a74 p. ;$c18 cm. 490 0 $aLe cattedre di Sophia 650 4$aBartolomeo I - Scritti e discorsi.$0(OLS)http://semarc/subject/33356 650 4$aBartolomeo I - Viaggi - Loppiano.$0(OLS)http://semarc/subject/45250 700 1 $aCoda, Piero,$d<1955- >.$0(OLS)http://semarc/name/325 830 3$aLe cattedre di Sophia.$0(OLS)http://semarc/title/400684 850 $aSeMil 852 $aSeMil$W1$xVenegono$y1$m2K I 63$j45220$B45220$CSeMilBibl$Z2$F47139 $81 961 $aAcquisto: Città Nuova (Agente) 996 $6020$a978-88-311-0255-1$9(OLS)http://semarc/number/270519 996 $6245$aPer una cultura dell'unità nella diversità$9(OLS)http://semarc/title/403465 996 $6260$aRoma :$bCittà Nuova$9(OLS)http://semarc/publisher/29609